000 00510nam a22001817a 4500
999 _c253139
_d253138
003 OSt
005 20180620105654.0
008 160419b xxu||||| |||| 00| 0 eng d
010 _a90370356
020 _a0534923739
040 _cN/A
050 _aQA39.2
_b.F588 1990
100 _aFlether, Peter.
245 _aFoundations of discrete mathematics
_cPeter Fletcher,Hughes Hoyle,C.Wayne Patty
260 _aBoston
_bpws-kent publishing company
_c1990
300 _axviii,781p
_bill,
_c26cm
942 _2lcc
_cBK